Lecons sur la theorie des treillis des structures algebriques ordonnees et des treillis geometriques
Saved in:
| Main Author: | |
|---|---|
| Other Authors: | , |
| Format: | Book |
| Language: | French |
| Published: |
Paris :
Gauthier-Villars,
1953
|
| Series: | Cahiers scientifiques ;
; 21 |
| Subjects: | |
| Tags: |
Add Tag
No Tags, Be the first to tag this record!
|
MARC
| LEADER | 00000cam a2200000 i 4500 | ||
|---|---|---|---|
| 001 | 1/101157 | ||
| 008 | 090212s1953 fre d | ||
| 035 | |l 10103146 | ||
| 040 | |a GR-MY-UA |b gre |e aacr | ||
| 041 | 0 | |a fre | |
| 082 | 0 | |a 511.33 |2 (22) | |
| 100 | 1 | |a Dubriel-Jacotin, Marie Louise. | |
| 245 | 1 | 0 | |a Lecons sur la theorie des treillis des structures algebriques ordonnees et des treillis geometriques / |c M. L. Dubreil-Jacotin, L. Lesieur, R. Croisot ; preface de M. Gaston Julia |
| 260 | |a Paris : |b Gauthier-Villars, |c 1953 | ||
| 300 | |a viii, 385 σ.; |b σχέδια; |c 24 εκ. | ||
| 490 | 1 | |a Cahiers scientifiques |v ; 21 | |
| 504 | |a Περιέχει ευρετήριο | ||
| 650 | 0 | 0 | |a Lattice theory. |
| 700 | 1 | |a Lesieur, Leonce, |d 1914-2002. | |
| 700 | 1 | |a Croisot, Robert. | |
| 830 | 0 | |a Cahiers scientifiques ; |v ; 21 | |
| 852 | |a INST |b SAMOS |c MAG |e 20090212 |h 511.33 DUB |p 005300029389 |q 005300029389 |t BK |y 0 | ||
| 901 | |a BIBL3-2009-1 | ||
| 909 | |a Σ |b 155580 | ||
| 970 | |a ΡΟΥΣΣΟΥ |b ΚΩΝΣΤΑΝΤΙΝΑ |z 2009/02/12 | ||